| 000 -CABECERA |
| Longitud fija campo de control |
00813nam a2200217 a 4500 |
| 001 - NÚMERO DE CONTROL |
| Número de control |
2979 |
| 003 - IDENTIFICADOR DEL NÚMERO DE CONTROL |
| Identificador del número de control |
CDMR |
| 005 - FECHA Y HORA DE LA ÚLTIMA TRANSACCIÓN |
| Fecha y hora de la última transacción |
20151016134802.0 |
| 008 - CÓDIGOS DE INFORMACIÓN DE LONGITUD FIJA |
| Códigos de información de longitud fija |
130130s1990||||||||||||||||||||||||||||d |
| 040 ## - FUENTE DE LA CATALOGACIÓN |
| Centro catalogador de origen |
CDMR |
| Lengua de catalogación |
cat |
| Centro transcriptor |
CDMR |
| 100 1# - PUNTO DE ACCESO PRINCIPAL-NOMBRE DE PERSONA |
| Nombre de persona |
Nordenstreng, Kaarle |
| 9 (RLIN) |
2189 |
| 245 10 - MENCIÓN DE TÍTULO |
| Título |
Nuevo orden internacional de la información y la comunicación |
| Mención de responsabilidad, etc. |
Kaarle Nordenstreng, Enrique Gonzáles Manet, Wolfgang Kleinwächter ; prefacio de Sean McBride |
| 260 ## - PUBLICACIÓN, DISTRIBUCIÓN, ETC. (PIE DE IMPRENTA) |
| Lugar de publicación, distribución, etc. |
Praga |
| Fecha de publicación, distribución, etc. |
1990 |
| Nombre del editor, distribuidor, etc. |
Organización Internacional de Periodistas |
| 300 ## - DESCRIPCIÓN FÍSICA |
| Extensión |
412 p ; |
| Dimensiones |
24 cm |
| 650 04 - PUNTO DE ACCESO ADICIONAL DE MATERIA - TÉRMINO DE MATERIA |
| Término de materia o nombre geográfico como elemento inicial |
Política de la comunicació |
| 9 (RLIN) |
4364 |
| 650 04 - PUNTO DE ACCESO ADICIONAL DE MATERIA - TÉRMINO DE MATERIA |
| 9 (RLIN) |
2190 |
| Término de materia o nombre geográfico como elemento inicial |
Comunicació internacional |
| 700 1# - PUNTO DE ACCESO ADICIONAL - NOMBRE DE PERSONA |
| 9 (RLIN) |
527 |
| Nombre de persona |
González Manet, Enrique |
| Fechas asociadas al nombre |
1928- |
| 700 1# - PUNTO DE ACCESO ADICIONAL - NOMBRE DE PERSONA |
| 9 (RLIN) |
3997 |
| Nombre de persona |
Kleinwächter, Wolfgang |
| 710 2# - PUNTO DE ACCESO ADICIONAL - NOMBRE DE ENTIDAD |
| 9 (RLIN) |
2308 |
| Nombre de entidad o nombre de jurisdicción como elemento inicial |
International Organisation of Journalists |
| 942 ## - ENTRADA DE ELEMENTOS AGREGADOS (KOHA) |
| Koha [por defecto] tipo de item |
Monografies |
| Fuente de clasificaión o esquema |
|